000 00964 a2200217 4500
001 33572
005 20260407155627.0
008 260407a1973 arg spa d
003 AR-UNSa-BCEJYS
040 _aAR-UNSa-BCEJYS
_bspa
_cAR-UNSa-BCEJYS
080 _a658.310.8
_xGestión y administración de personal
245 1 0 _aEmpleo y desarrollo de personal
250 _a2a. ed.
264 1 _aBuenos Aires :
_bEdiciones Contabilidad Moderna
_c1973
300 _a277 p.
_c22 cm.
505 _a1. Definición - 2. Iniciación del proceso - 3. Medios de contacto - 4. Medios de selección (I) - 5. Medios de selección (II) - 6. Errores, elección e ingreso - 7. "Empleos" em la empresa - 8. Planeamiento del desarrollo - 9. Inventario de personal - 10. Evaluación de desempeño(I) - 11. Evaluación de desempeño (II) - 12. Dinámica del planeamiento
041 _aspa
942 _cBK
590 _aniveau_biblio:m niveau_hierar:0
100 1 _aMaristany, Jaime
999 _c2368
_d2368